000 00800nam 22002533 4500
001 201133
010 _a972-611-978-2
021 _aPT
_bM-6228-2000
090 _a201133
100 _a20260310d u||y0pory50 ba
101 _apor
200 _aOs Cinco na Ilha do Tesouro
_fEnid Blyton
_gIlustração de André Kano ; Tradução de Luís Serrão ; Revisão de Cristina Borges
205 _a
210 _a[S. L.]
_cEdimpresa
_d2004
215 _a160 p. : il.
_cBrochado
_d18 cm
225 _aMistério e Aventura
_v1
300 _aJuvenil
606 _952
_aLiteratura Juvenil Inglesa
675 _a821.111-93/BLY/CIN
_vPT
_zpor
700 _9958
_aBlyton
_bEnid
_f1897-1968
702 _916767
_aKano
_bAndré
801 _aPT
_bBMMN
_gRPC
830 _cCarlos Pinto
_d10-03-2026
_fCarlos Pinto
990 _cLIVROS